00935cam a22002774a 450000100090000000300040000900500170001300800410003001000170007102000180008802000220010603500230012803500370015104000110018805000220019908200180022124500910023924600600033025000120039026000610040230000480046350400660051165000380057765000190061570000230063414190421OSt20150408114138.0051206s2007 njua b 001 0 eng  a 2005058605 a9780132047678 a0131877119 (hbk.) a(OCoLC)ocm62534022 a(OCoLC)62534022z(OCoLC)79424478 aMa-Un 00aTA340b.P738 200700a519.0246222200aProbability & statistics for engineers & scientists /cRonald E. Walpole ... [et al.].30aProbability and statistics for engineers and scientists a8th ed. aUpper Saddle River, NJ :bPearson Prentice Hall,cc2007. axxiii, 816 p. :bill. (some col.) ;c25 cm. aIncludes bibliographical references (p. [737]-740) and index. 0aEngineeringxStatistical methods. 0aProbabilities.1 aWalpole, Ronald E.